Loading...
| Current Events | 6 | 13.33 | 100% | 33% | 0% |
| Fine Arts - Classical Music | 11 | 16.36 | 82% | 46% | 36% |
| Fine Arts - Other | 6 | 13.33 | 100% | 33% | 0% |
| Fine Arts - Painting & Sculpture | 9 | 16.67 | 100% | 56% | 11% |
| Geography | 2 | 15.00 | 100% | 50% | 0% |
| History - American | 10 | 14.00 | 100% | 40% | 0% |
| History - European | 2 | 10.00 | 50% | 50% | 0% |
| History - Other | 10 | 10.00 | 80% | 20% | 0% |
| History - World | 7 | 10.00 | 71% | 29% | 0% |
| Literature - American | 5 | 16.00 | 80% | 80% | 0% |
| Literature - British | 8 | 15.00 | 100% | 38% | 13% |
| Literature - European | 10 | 17.00 | 90% | 60% | 20% |
| Literature - World | 4 | 15.00 | 100% | 50% | 0% |
| Mythology | 2 | 5.00 | 50% | 0% | 0% |
| Other Academic | 4 | 12.50 | 100% | 25% | 0% |
| Philosophy | 10 | 15.00 | 90% | 50% | 10% |
| Religion | 8 | 12.50 | 88% | 38% | 0% |
| Science - Biology | 10 | 12.00 | 90% | 30% | 0% |
| Science - Chemistry | 8 | 16.25 | 88% | 63% | 13% |
| Science - Other | 5 | 10.00 | 80% | 20% | 0% |
| Science - Physics | 7 | 14.29 | 86% | 57% | 0% |
| Social Science | 7 | 11.43 | 100% | 14% | 0% |